El señorío de la villa de Ginés y algunos conflictos con sus vasallos (Record no. 180917)

MARC details
000 -LEADER
campo de control de longitud fija 00647nam a2200181 i 4500
001 - NÚMERO DE CONTROL
campo de control 180917
003 - IDENTIFICADOR DE NÚMERO DE CONTROL
campo de control ES-MaACL
005 - FECHA Y HORA DE LA ÚLTIMA TRANSACCIÓN
campo de control 20230906221221.0
008 - DATOS DE LONGITUD FIJA--INFORMACIÓN GENERAL
campo de control de longitud fija 120828s1981 sp |||| | spa d
080 ## - NÚMERO DE LA CLASIFICACIÓN DECIMAL UNIVERSAL
Número de la Clasificación Decimal Universal 946.811 Gines
100 1# - ENTRADA PRINCIPAL--NOMBRE DE PERSONA
Nombre de persona Herrera García, Antonio.
9 (RLIN) 63220
245 13 - MENCIÓN DEL TÍTULO
Título El señorío de la villa de Ginés y algunos conflictos con sus vasallos
Resto del título : apuntes de historia narrativa /
Mención de responsabilidad, etc. por Antonio Herrera García.
260 0# - PUBLICACIÓN, DISTRIBUCIÓN, ETC.
Lugar de publicación, distribución, etc. [S.l.] :
Nombre del editor, distribuidor, etc. s.n.,
Fecha de publicación, distribución, etc. [1981?]
300 ## - DESCRIPCIÓN FÍSICA
Extensión [4] p. ;
Dimensiones 33 cm.
594 ## - Nota al título y mención de responsabilidad
Nota al título y mención de responsabilidad Precede al tít: Premio regional "Abgena" de narrativa 1981.
650 #4 - PUNTO DE ACCESO ADICIONAL DE MATERIA--TÉRMINO DE MATERIA
Término de materia o nombre geográfico como elemento de entrada Señoríos-
Subdivisión geográfica Gines.
9 (RLIN) 151364
852 ## - LOCALIZACIÓN
Ubicación ES-MaACL
Número de control de estantería 2124-F-24
Holdings
Estatus retirado Estado de pérdida Estado de daño No para préstamo Colección Biblioteca de origen Biblioteca actual Ubicación en estantería Fecha de adquisición Fuente de adquisición Total de préstamos Signatura topográfica completa Código de barras Visto por última vez Precio de reemplazo Tipo de ítem Koha
        Colección de folletos Biblioteca del Ateneo de Madrid Biblioteca del Ateneo de Madrid Depósito folletos 28/08/2012     2124-F-24 1190114 23/02/2023 23/02/2023 Folleto